000 00324nam a2200133Ia 4500
008 210215s9999 xx 000 0 und d
020 _a9387686000
082 _a615.5
_bDES-A
100 _aDESH PANDEY A.SHILPA
245 2 _aA PRACTICAL BOOK OF HUMAN ANATOMY
260 _bNIRALI PRAKASHAN
300 _a80
942 _cBK
999 _c33221
_d33221